Sociology: An analysis of life in modern society (Record no. 363086)

MARC details
000 -LEADER
fixed length control field 003740000a22001570004500
060 ## - NATIONAL LIBRARY OF MEDICINE CALL NUMBER
Classification number 100
082 ## - DEWEY DECIMAL CLASSIFICATION NUMBER
Classification number 301 GRE
100 ## - MAIN ENTRY--PERSONAL NAME
Personal name Green, Arnold W
245 ## - TITLE STATEMENT
Title Sociology: An analysis of life in modern society
250 ## - EDITION STATEMENT
Edition statement 3
260 ## - PUBLICATION, DISTRIBUTION, ETC. (IMPRINT)
Place of publication, distribution, etc. New York, Mc Graw- Hill Book Company Inc
260 ## - PUBLICATION, DISTRIBUTION, ETC. (IMPRINT)
Date of publication, distribution, etc. 1960
300 ## - PHYSICAL DESCRIPTION
Extent 672
650 ## - SUBJECT ADDED ENTRY--TOPICAL TERM
Topical term or geographic name as entry element Sociology/ social change
942 ## - ADDED ENTRY ELEMENTS (KOHA)
Koha item type Books (General)
Holdings
Withdrawn status Lost status Damaged status Not for loan Home library Current library Date acquired Total Checkouts Full call number Barcode Date last seen Price effective from Koha item type
        College of Agriculture, Vellayani College of Agriculture, Vellayani 02/05/2014   301 GRE KAU_COAV-3501 02/05/2014 02/05/2014 Books (General)
Kerala Agricultural University Central Library
Thrissur-(Dt.), Kerala Pin:- 680656, India
Ph : (+91)(487) 2372219
E-mail: librarian@kau.in
Website: http://library.kau.in/